Towards a new era: Economic, social and political reforms (Record no. 2634)

MARC details
000 -LEADER
fixed length control field 00544nam a2200181Ia 4500
020 ## - INTERNATIONAL STANDARD BOOK NUMBER
ISBN 81-241-08005-1
082 ## - DEWEY DECIMAL CLASSIFICATION NUMBER
Classification number 303.4840954 TOW-
245 #0 - TITLE STATEMENT
Title Towards a new era: Economic, social and political reforms
260 ## - PUBLICATION, DISTRIBUTION, ETC. (IMPRINT)
Place of publication New Delhi
Name of publisher Har-Anand Publications
Year of publication 2001
300 ## - PHYSICAL DESCRIPTION
Number of Pages 688p.
650 ## - SUBJECT ADDED ENTRY--TOPICAL TERM
Topical Term Social problems - India
650 ## - SUBJECT ADDED ENTRY--TOPICAL TERM
Topical Term Social sciences - History - India
650 ## - SUBJECT ADDED ENTRY--TOPICAL TERM
Topical Term India - Economic conditions
650 ## - SUBJECT ADDED ENTRY--TOPICAL TERM
Topical Term Economic development - India
650 ## - SUBJECT ADDED ENTRY--TOPICAL TERM
Topical Term India - Politics and government
700 ## - ADDED ENTRY--PERSONAL NAME
Personal name Sondhi, M.L.
942 ## - ADDED ENTRY ELEMENTS (KOHA)
Koha item type Books
Holdings
Withdrawn status Lost status Damaged status Not for loan Home library Current library Date acquired Bill Date Full call number Accession Number Price effective from Koha item type
        NASSDOC Library NASSDOC Library 08/06/2004 2004-10-05 303.4840954 TOW- 38228 18/04/2019 Books
        NASSDOC Library NASSDOC Library 08/06/2004 2004-10-05 303.4840954 TOW- 38229 18/04/2019 Books